000 00227 a2200097 4500
001 25373
100 _aBelyayev, B V
245 _aPsychology of Teaching Foreign Languages
260 _a
_bPergamon
_c1963
090 _c17125
_d17125
942 _aNUST-CAE
_cM
_c7920
999 _c260446
_d260446